| 000 | 00940nam a22002657a 4500 | ||
|---|---|---|---|
| 005 | 20260413133148.0 | ||
| 008 | 260413b |||||||| |||| 00| 0 eng d | ||
| 020 | _a0444905030 | ||
| 040 |
_aLC _cUNZA _eRDA |
||
| 050 |
_aRC 388.5 _bHAN 1989 |
||
| 245 |
_aHandbook of clinical neurology : _bvascular disease : part III / _ceditors, Pierre J. Vinken; George W. Bruyn and Harold L. Klawands; This volume has been co-edited by James R. Toole. |
||
| 260 |
_aAmsterdam : _bElsevier, _c1989. |
||
| 300 |
_axvii, 588 pages : _billustrations. |
||
| 336 | _aText | ||
| 337 | _aUnmediated | ||
| 338 | _aVolume | ||
| 440 |
_nRevised series 11 _vVolume 55 |
||
| 504 | _aIncludes bibliographical references and index. | ||
| 650 |
_2LC _aCerebrovascular diseases. |
||
| 700 |
_aVinken, Pierre J. _eeditor |
||
| 700 |
_aBruyn, George W. _eeditor |
||
| 700 |
_aKlawans, Harold L. _eeditor |
||
| 700 |
_aToole, James F. _eco-editor |
||
| 942 | _cBOOK | ||
| 999 |
_c216585 _d216585 |
||